000 01142nam a2200301Ia 4500
001 ebr10570738
003 CaPaEBR
006 m u
007 cr cn|||||||||
008 120626s2012 gw a sb 001 0 eng d
020 _z3527331514
020 _z9783527331512
020 _z9783527650439
040 _aCaPaEBR
_cCaPaEBR
035 _a(OCoLC)802068206
050 1 4 _aTK2945.L58
_bP756 2012eb
245 0 0 _aPrinciples and applications of lithium secondary batteries
_h[electronic resource] /
_cedited by Jung-Ki Park.
260 _aWeinheim :
_bWiley-VCH,
_c2012.
300 _axiv, 366 p. :
_bill.
504 _aIncludes bibliographical references and index.
533 _aElectronic reproduction.
_bPalo Alto, Calif. :
_cebrary,
_d2011.
_nAvailable via World Wide Web.
_nAccess may be limited to ebrary affiliated libraries.
650 0 _aLithium cells.
650 0 _aStorage batteries.
655 7 _aElectronic books.
_2local
700 1 _aPark, Jung-Ki.
710 2 _aebrary, Inc.
856 4 0 _uhttp://site.ebrary.com/lib/rucke/Doc?id=10570738
_zAn electronic book accessible through the World Wide Web; click to view
999 _c81296
_d81296